000 00637nam a22002177a 4500
005 20170124110032.0
010 _aA-356914
020 _c45.80
035 _aA-356914
037 _bCen Lib/Ret
040 _aDPL
_bEN
082 _a301
_bIYE
100 _aIyer, E. V. Ganapati
_921951
245 _aThe essentials for national progress /
_cby E. V. Ganapati Iyer
260 _aBangalore
_bGanapati Trans West Associates
_c1987
300 _axvi,280p.
_c21cm(Hb)
500 _aInculdes index
650 _aSociology and anthropology
_921952
650 _aPeople and progress
_921953
942 _2ddc
_cEN
_h301
_mIYE
999 _c127934
_d127934